000
00310nam a22001337a 4500
008
170928b xxu||||| |||| 00| 0 eng d
020
_a
9780673468048
041
_a
eng
080
_a
37
100
_a
47
101
_a
EDU
245
_a
PRINCIPLES AND TYPES OF SPEECH COMUNICATION
_c
GRONBECK
942
_2
udc
_c
BK
999
_c
30422
_d
30422